Learn And Teach Computer Science : (Record no. 4691)

MARC details
000 -LEADER
fixed length control field 00523cam a2200181ua 4500
008 - FIXED-LENGTH DATA ELEMENTS--GENERAL INFORMATION
fixed length control field 131002n ii |||gr||||Z||||||eng
020 ## - INTERNATIONAL STANDARD BOOK NUMBER
International Standard Book Number 978-81-7273-564-7
040 ## - CATALOGING SOURCE
Transcribing agency MAIN
082 ## - DEWEY DECIMAL CLASSIFICATION NUMBER
Classification number 004
245 11 - TITLE STATEMENT
Title Learn And Teach Computer Science :
Remainder of title Based on UNESCO ICT Initiatives /
Statement of responsibility, etc. by Mukesh Chandrakar .
260 ## - PUBLICATION, DISTRIBUTION, ETC.
Place of publication, distribution, etc. Delhi:
Name of publisher, distributor, etc. Authorspress,
Date of publication, distribution, etc. 2011.
300 ## - PHYSICAL DESCRIPTION
Extent v,187p.
700 1# - ADDED ENTRY--PERSONAL NAME
Personal name Chandrakar,Mukesh,
Relator term
942 ## - ADDED ENTRY ELEMENTS (KOHA)
Koha item type Books
653 ## - INDEX TERM--UNCONTROLLED
Uncontrolled term computer science
653 ## - INDEX TERM--UNCONTROLLED
Uncontrolled term Learn And Teach Computer Science
Holdings
Withdrawn status Lost status Damaged status Not for loan Home library Current library Shelving location Date acquired Total Checkouts Full call number Barcode Date last seen Copy number Price effective from Koha item type
        Central Library, Naharkatiya College Central Library, Naharkatiya College General Stacks 19/09/2020   004 | CHA 22231 19/09/2020 1 19/09/2020 Books

Naharkatiya College © 2020. All rights reserved.

Powered By